000 00939nam a2200193Ia 4500
999 _c37693
_d37693
001 3666
003 GE_BSU
005 20190624203430.0
008 181216s2004||||ge |||||||||||||| ||geo||
040 _cGE_BSU
041 _ageo
080 _a341.3(075.8) დ–43
100 _aდიასამიძე, მალხაზ
_92862
245 _aსაერთაშორისო ჰუმანიტარული სამართალი : ზოგადი და განსაკუთრებული ნაწილი :
_bსახელმძღვ. სამართლის სპეც. სტუდ. /
_cრედ.: როსტომ გუნთაიშვილი.
264 _aბათუმი :
_bაჭარა,
_c2004.
300 _a467 გვ. ;
_b21 სმ.
653 _aსაერთაშორისო ჰუმანიტარული სამართალი
942 _cBK
_2udc